| 000 | 00697nam a2200217Ia 4500 | ||
|---|---|---|---|
| 003 | GCL | ||
| 008 | 140319s9999 xx 000 0 ara d | ||
| 040 |
_aGCL / _cGCL |
||
| 082 | 0 | 4 |
_a415.1 _bا ش |
| 100 | 1 | _aالسيرافى , ابومحمد بن يوسف بن | |
| 245 | 1 | 0 |
_aشرح ابيات اصلاح المنطق / _cالسيرافى , ابومحمد بن يوسف بن |
| 700 | 1 | _aياسين محمد السواس | |
| 260 |
_a[S.N] : _bالدار المتحدة ، _c1992 |
||
| 300 | _a768 | ||
| 490 | _a | ||
| 650 | 0 | 4 | _aالنحو |
| 650 | 0 | 4 | _aاللغة العربية |
| 650 | 0 | 4 | _aفقه اللغة المقارن |
| 650 | 0 | 4 | _aالنحو المقارن |
| 942 |
_2ddc _cBK |
||
| 999 |
_c30751 _d30751 |
||